00374 2200145 4500001002100000005001500021008004100036020001800077035001900095082000800114090001400122100002300136245002700159260004200186INLIS00000000000767320241224113518241224||||||||| | ||| |||| ||  a9789792291186 0010-12240076730 a813 a813 HER s0 aHermawan Kartajaya00aSUPERHERO JUGA MANUSIA aJakartabGramedia Pustaka Utamac2012